00609nam a2200169 a 4500008004100000020001500041050001400056100002500070245002400095246002900119260004300148300001600191350000900207995008400216999001700300952012200317120416s1976 ||||||||||||||||| || u a0822933144 aHB 72 Ros aRosenberg, Alexander10aMicroeconomics laws aa philosophical analysis aPittsburghbThe University Pressc1976 axiii, 236p. a0.00 D0.00FCBU-MAIN LIBRARY (Kitwe)H1I0.00UAVAILABLEZAnnex Low-Usage Collection  c51123d51123 00102lcc4070a001b001cAnnex Low-Usage Collection d2022-11-30l0oHB 72 Rosp001826r2022-11-30w2022-11-30y002